[Event "Challenge7"]
[Site "http://www.queenalice.com/game.php?id=11164"]
[Date "2005.4.26"]
[Round "-"]
[White "barron6469"]
[Black "darksmurf"]
[Result "1-0"]
[WhiteElo "1544"]
[BlackElo "867"]

1. d4 d5 2. c4 c6 3. e3 Nf6 4. Nc3 Bg4 5. Be2 a5 6. cxd5 cxd5 7. Bxg4 Nc6 8. Bf3
Nb4 9. a3 Na6 10. Qb3 e5 11. dxe5 Nd7 12. Qxd5 Nac5 13. Ne4 b6 14. Nxc5 bxc5 15.
Qxa8 Qxa8 16. Bxa8 Nxe5 17. Nf3 Nd3+ 18. Ke2 Nxc1+ 19. Raxc1 g5 20. Nxg5 Rg8 21.
Nxh7 Rxg2 22. Nxf8 Kxf8 23. Bxg2 a4 24. Rxc5 f5 25. Rxf5+ Ke7 26. Bh3 Ke6 27.
Ra5+ Kd6 28. Rd1+ Kc6 29. Rh5 Kb6 30. Rd6+ Kc7 31. Rg6 Kd8 32. Rh7 Ke8 33. Rg8#
1-0

[Event "Challenge"]
[Site "http://www.queenalice.com/game.php?id=11205"]
[Date "2005.4.26"]
[Round "-"]
[White "darksmurf"]
[Black "thepriceoflifeisdeath"]
[Result "0-1"]
[WhiteElo "1100"]
[BlackElo "1100"]

1. e4 e5 2. Nc3 Bc5 3. Ke2 d6 4. Na4 Nf6 5. d3 Nc6 6. Ke1 Ng4 7. Nh3 g5 8. f3
Nf6 9. Nxg5 Rg8 10. Nh3 b5 11. Nc3 b4 12. Nb5 a6 13. d4 exd4 14. a4 Ne5 15. Bf4
Bxh3 16. gxh3 axb5 17. Bxb5+ c6 18. Bf1 d5 19. Bxe5 dxe4 20. fxe4 Nxe4 21. c3
dxc3 22. Qxd8+ Rxd8 23. Bc7 Rd2 0-1

[Event "Challenge"]
[Site "http://www.queenalice.com/game.php?id=11206"]
[Date "2005.4.26"]
[Round "-"]
[White "darksmurf"]
[Black "James_Beresford"]
[Result "1-0"]
[WhiteElo "973"]
[BlackElo "827"]

1. e4 e5 2. Nc3 Be7 3. Nf3 Nf6 4. Nxe5 O-O 5. g3 d6 6. d3 dxe5 7. Nb5 Ng4 8. h3
h5 9. hxg4 hxg4 10. Be2 Qd7 11. a4 Nc6 12. Bxg4 Qxg4 13. Qxg4 Bxg4 14. Nxc7 Rac8
15. Nd5 Bb4+ 16. c3 f5 17. exf5 Bxf5 18. Ne3 Bxd3 19. Ng4 Nd4 20. cxb4 Rf3 21.
Nxe5 Re3+ 22. fxe3 Ba6 23. exd4 Rd8 24. Nf3 Re8+ 25. Kf2 b5 26. a5 g6 27. Nh4
Rf8+ 28. Kg2 Bb7+ 29. Kh2 Rf2+ 30. Kg1 Re2 31. Nf3 Bxf3 32. Rh6 Re1+ 33. Kf2
Re2+ 34. Kxf3 Re8 35. Rxg6+ Kh7 36. Rg5 Rf8+ 37. Kg4 Rg8 38. Rxg8 Kxg8 39. d5
1-0

[Event "Challenge"]
[Site "http://www.queenalice.com/game.php?id=11271"]
[Date "2005.4.27"]
[Round "-"]
[White "darksmurf"]
[Black "thepriceoflifeisdeath"]
[Result "0-1"]
[WhiteElo "900"]
[BlackElo "1200"]

1. e4 e5 2. Nc3 Bc5 3. Nh3 h6 4. Na4 d6 5. Bb5+ Bd7 6. Be2 Bxa4 7. b3 Bd7 8. g3
Bxh3 9. Rg1 Nf6 10. f3 Bxg1 11. Bb5+ Nc6 12. f4 Bxh2 13. Qf3 Bg4 14. Qg2 Bxg3+
15. Qxg3 h5 16. d3 a6 17. Bc4 b5 18. Bxf7+ Kxf7 19. fxe5 Nxe5 20. d4 Nf3+ 0-1

[Event "Challenge"]
[Site "http://www.queenalice.com/game.php?id=11278"]
[Date "2005.4.27"]
[Round "-"]
[White "darksmurf"]
[Black "CavalierBlanc"]
[Result "0-1"]
[WhiteElo "1036"]
[BlackElo "1459"]

1. e4 e6 2. d3 d5 3. f3 Nc6 4. Nh3 e5 5. exd5 Qxd5 6. Nc3 Bb4 7. a3 Bxc3+ 8.
bxc3 Bxh3 9. gxh3 Nf6 10. c4 Qd4 11. Bd2 Qh4+ 12. Ke2 Nd4+ 13. Ke3 O-O 14. Rb1
b6 15. Rb5 c6 16. Rxe5 Rfe8 17. Re4 Nxe4 18. fxe4 c5 19. Qg4 Nxc2+ 20. Kf4 Qf2+
21. Kg5 Re5+ 22. Qf5 Qxd2+ 23. Kg4 Ne3+ 24. Kf4 Rxf5+ 25. Kg3 Nxf1+ 26. Kg4 Qf4#
0-1

[Event "Challenge"]
[Site "http://www.queenalice.com/game.php?id=11283"]
[Date "2005.4.27"]
[Round "-"]
[White "chaves"]
[Black "darksmurf"]
[Result "0-1"]
[WhiteElo "1080"]
[BlackElo "996"]

1. h4 e5 2. Rh3 Nc6 3. Nc3 d6 4. b4 Nxb4 5. Nd5 Nxd5 6. Ba3 Bxh3 7. gxh3 Qxh4 8.
Bg2 Nf4 9. Nf3 Nxg2+ 10. Kf1 Nf4 0-1

[Event "Challenge"]
[Site "http://www.queenalice.com/game.php?id=11420"]
[Date "2005.4.29"]
[Round "-"]
[White "Viceroy"]
[Black "darksmurf"]
[Result "1-0"]
[WhiteElo "1500"]
[BlackElo "1036"]

1. Nf3 d5 2. g3 f5 3. Bg2 e6 4. O-O Nf6 5. d3 h6 6. Nc3 Nc6 7. a3 Ng4 8. d4 Be7
9. Bf4 Na5 10. h3 Nf6 11. Ne5 Bd6 12. Nb5 Nh5 13. e3 Nc4 14. Qxh5+ Ke7 15. Qf7#
1-0

[Event "Challenge"]
[Site "http://www.queenalice.com/game.php?id=11540"]
[Date "2005.4.29"]
[Round "-"]
[White "darksmurf"]
[Black "Lionel"]
[Result "0-1"]
[WhiteElo "961"]
[BlackElo "1555"]

1. e4 c5 2. c4 Nc6 3. d3 d6 4. f3 Nf6 5. g4 g6 6. b3 Bg7 7. a4 Nd7 8. Bd2 Bxa1
9. Na3 Nb4 10. h3 Bd4 11. Ne2 Nxd3# 0-1

[Event "Challenge"]
[Site "http://www.queenalice.com/game.php?id=11541"]
[Date "2005.4.29"]
[Round "-"]
[White "barron6469"]
[Black "darksmurf"]
[Result "1-0"]
[WhiteElo "1614"]
[BlackElo "1036"]

1. d4 d5 2. c4 dxc4 3. e3 b5 4. Nc3 a6 5. a4 b4 6. Nb1 c3 7. bxc3 bxc3 8. Nxc3
e5 9. Nf3 f6 10. dxe5 Qxd1+ 11. Kxd1 Bb4 12. Nd5 Ba5 13. Bd2 Nc6 14. Bxa5 Ra7
15. Bxc7 Nxe5 16. Bxe5 fxe5 17. Nxe5 Nf6 18. Nxf6+ gxf6 19. Nf3 Bg4 20. Be2 Rd7+
21. Kc2 Rc7+ 22. Kb2 f5 23. h3 Bh5 24. Bxa6 Rg8 25. Bb5+ Ke7 26. Nh4 Rc5 27.
Rac1 Rcc8 28. Nxf5+ Kf6 29. Ng3 Ra8 30. Nxh5+ Kg5 31. Ng3 1-0

[Event "Challenge"]
[Site "http://www.queenalice.com/game.php?id=11624"]
[Date "2005.5.1"]
[Round "-"]
[White "edw"]
[Black "darksmurf"]
[Result "1-0"]
[WhiteElo "1264"]
[BlackElo "1036"]

1. e4 e5 2. Nf3 f6 3. c4 c6 4. g3 Nh6 5. d4 exd4 6. Nxd4 g6 7. Bg2 c5 8. Nc2 Nc6
9. Nc3 f5 10. Qe2 Nd4 11. Nxd4 cxd4 12. Nd5 Ng4 13. O-O Ne5 14. Bf4 d6 15. Rad1
fxe4 16. Qxe4 Bf5 17. Qe1 Bc2 18. Rd2 Bd3 19. Bxe5 Qe7 20. Nxe7 Bxe7 21. Rxd3 a6
22. Bxh8 Kd7 23. Bxd4 Re8 24. Bxb7 Rb8 25. Bxa6 h5 26. Ba7 Rxb2 27. Bb5+ Kc7 28.
Qxe7+ Kc8 29. Qd7# 1-0

[Event "Challenge"]
[Site "http://www.queenalice.com/game.php?id=12204"]
[Date "2005.5.6"]
[Round "-"]
[White "darksmurf"]
[Black "mrburnsjr"]
[Result "1-0"]
[WhiteElo "1036"]
[BlackElo "618"]

1. e4 a5 2. Qh5 e5 3. Qxe5+ Be7 4. Qxg7 Nf6 5. Qxh8+ Bf8 6. Qxf6 Qxf6 7. c3 Bd6
8. d4 Qh8 9. g3 Qg8 10. Bd3 Ra6 11. Ne2 Qg6 12. Nf4 Qf6 13. e5 Bxe5 14. dxe5
Qxe5+ 15. Be3 Rd6 16. Ke2 Qc5 17. Bxc5 Rc6 18. Ba7 Re6+ 19. Nxe6 dxe6 20. Bxb8
Kd8 21. Bxh7 Kd7 22. Rd1+ Ke7 23. Bxc7 Kf6 24. Bd8+ Ke5 25. f4# 1-0

[Event "Challenge"]
[Site "http://www.queenalice.com/game.php?id=16233"]
[Date "2005.6.14"]
[Round "-"]
[White "darksmurf"]
[Black "ahimsa"]
[Result "0-1"]
[WhiteElo "1036"]
[BlackElo "1953"]

1. e4 g6 2. f4 Bg7 3. e5 d5 4. Bb5+ c6 5. Bd3 f6 6. Nf3 Bg4 7. h3 Bxf3 8. gxf3
fxe5 9. f5 Nd7 10. fxg6 e6 11. gxh7 Qh4+ 12. Ke2 Ne7 13. Qe1 Qxe1+ 14. Rxe1
O-O-O 15. c4 Nf6 16. Na3 Nxh7 17. Rg1 Bf6 18. Nc2 Ng5 19. Nb4 Rxh3 20. cxd5 Rh2+
21. Ke3 exd5 0-1